Organic chemistry / (Record no. 3790)

MARC details
000 -LEADER
fixed length control field 01199nac a22003491i 4500
003 - CONTROL NUMBER IDENTIFIER
control field EG-ScBUE
005 - DATE AND TIME OF LATEST TRANSACTION
control field 20230517112637.0
008 - FIXED-LENGTH DATA ELEMENTS--GENERAL INFORMATION
fixed length control field 081113t2005 caua f d 001 0 eng d
020 ## - INTERNATIONAL STANDARD BOOK NUMBER
International Standard Book Number 053439597x
020 ## - INTERNATIONAL STANDARD BOOK NUMBER
International Standard Book Number 9780534395971
040 ## - CATALOGING SOURCE
Original cataloging agency EG-ScBUE
Language of cataloging eng
Description conventions rda
Transcribing agency EG-ScBUE
Modifying agency EG-ScBUE
082 04 - DEWEY DECIMAL CLASSIFICATION NUMBER
Classification number 547
Item number BRO
Edition number 22
100 1# - MAIN ENTRY--PERSONAL NAME
Personal name Brown, William Henry,‏
Dates associated with a name 1932-
Relator term author.
245 10 - TITLE STATEMENT
Title Organic chemistry /
Statement of responsibility, etc William H. Brown, Beloit College, Christopher S. Foote, University of California, Los Angeles, Brent L. Iverson, University of Texas, Austin.
250 ## - EDITION STATEMENT
Edition statement Fourth edition.
250 ## - EDITION STATEMENT
Edition statement International edition.
264 #1 - PUBLICATION, DISTRIBUTION, ETC. (IMPRINT)
Place of publication, distribution, etc Belmont, CA :
Name of publisher, distributor, etc Thomson Learning,
Date of publication, distribution, etc [2005]
264 #4 - PUBLICATION, DISTRIBUTION, ETC. (IMPRINT)
Date of publication, distribution, etc c2005
300 ## - PHYSICAL DESCRIPTION
Extent xli, 1168, 7, 15, 31 pages :
Other physical details illustrations (some color) ;
Dimensions 27 cm
336 ## - CONTENT TYPE
Source rdacontent
Content type term text
Content type code txt
337 ## - MEDIA TYPE
Source rdamedia
Media type term unmediated
Media type code n
338 ## - CARRIER TYPE
Source rdacarrier
Carrier type term volume
Carrier type code nc
500 ## - GENERAL NOTE
General note Includes index.
500 ## - GENERAL NOTE
General note Includes glossary.<br/>
500 ## - GENERAL NOTE
General note Includes appendix.<br/>
650 #7 - SUBJECT ADDED ENTRY--TOPICAL TERM
Topical term or geographic name as entry element Chemistry, Organic.
Source of heading or term BUEsh
653 ## - INDEX TERM--UNCONTROLLED
Resource For college Engineering, Chemical
655 ## - INDEX TERM--GENRE/FORM
Form subdivision Reading book
700 1# - ADDED ENTRY--PERSONAL NAME
Personal name Foote, Christopher S.,
Relator term author.
700 1# - ADDED ENTRY--PERSONAL NAME
Personal name Iverson, Brent L.,
Relator term author.
942 ## - ADDED ENTRY ELEMENTS (KOHA)
Koha item type Book - Borrowing
Source of classification or shelving scheme Dewey Decimal Classification
Holdings
Withdrawn status Lost status Source of classification or shelving scheme Materials specified (bound volume or other part) Damaged status Not for loan Home library Current library Shelving location Date acquired Source of acquisition Cost, normal purchase price Total Checkouts Total Renewals Full call number Barcode Date last seen Date checked out Cost, replacement price Koha item type Public note Price effective from Collection code
  Lost Dewey Decimal Classification Lost In Inventory_2017-8-25     Central Library Central Library First floor 28/06/2007 Purchase 190.00 9 29 547 BRO 00000342 23/06/2013 11/01/2011 237.50 Book - Borrowing      
  Lost Dewey Decimal Classification Lost In Inventory_2017-8-25     Central Library Central Library First floor 28/06/2007 Purchase       547 BRO 00000341 14/01/2008   160.00 Book - Borrowing Lost    
    Dewey Decimal Classification       Central Library Central Library First floor 13/11/2008 Purchase   4   547 BRO 000006161 15/07/2025 10/01/2010   NB - Book (Non borrowing)   13/11/2008  
    Dewey Decimal Classification       Central Library Central Library First floor 13/11/2008 Purchase   11 61 547 BRO 000014207 15/07/2025 17/12/2014   Book - Borrowing      
    Dewey Decimal Classification       Central Library Central Library First floor 13/11/2008 Purchase   11 94 547 BRO 000014208 15/07/2025 18/10/2016   Book - Borrowing   13/11/2008  
    Dewey Decimal Classification       Central Library Central Library First floor 13/11/2008 Purchase   14 51 547 BRO 000014209 15/07/2025 22/10/2018   Book - Borrowing   13/11/2008  
    Dewey Decimal Classification       Central Library Central Library First floor 18/11/2008 Purchase   13 31 547 BRO 000014248 15/07/2025 02/09/2020   Book - Borrowing   18/11/2008  
    Dewey Decimal Classification       Central Library Central Library First floor 17/05/2023 Donation   1 24 547 BRO 000056698 15/07/2025 16/10/2023   Book - Borrowing   17/05/2023 Donation-Gift